000 00809nab a2200241 u 4500
001 13213
003 HDC
007 cr bn ---aaaaa
008 210212c 0129my dr|nes 0 |0eng
040 _aHDC
245 0 _aIndian Entrepreneurs Urged To Secure Halal Certification To Expand Businesses
260 _a[no place] :
_b[publisher not identified],
_c[no year]
336 _atext
_2rdacontent
337 _acomputer
_2rdamedia
338 _aonline resource
_2rdacarrier
650 _aEntrepreneur
_91863
650 _aHalal certificate
_9482
710 _aBernama
856 _zRequest full-text at [email protected]
942 _2lcc
942 _cNEWS
942 _kNWSO 002867
999 _c10529
_d10529